Vervollständige den Songtext ohne das Lied zu kennen #3 - Statistiken

Allgemein
  • Dieses Quiz wurde 420 mal gespielt
  • Das Durchschnittsergebnis liegt bei 88 aus 213
Antwortstatistiken
Lyrics % Korrekt
ich
97%
Du
94%
du
94%
bist
82%
die
80%
der
79%
ein
75%
Und
73%
und
73%
Liebe
70%
für
60%
hast
60%
ist
57%
nicht
57%
dich
56%
was
56%
Was
56%
dein
55%
den
55%
ne
53%
zu
52%
deine
46%
Deine
46%
nie
45%
dir
44%
all
43%
Oh
42%
oh
42%
auf
41%
hat
41%
nach
40%
nur
40%
mit
39%
weil
39%
Weil
39%
man
38%
Warum
37%
Zeit
37%
Alles
36%
sich
36%
Herz
35%
Schrei
35%
Hass
33%
nichts
33%
niemals
32%
weiß
32%
Arschloch
31%
Eltern
31%
gut
30%
hatten
30%
soll
30%
gelernt
29%
muss
28%
Zärtlichkeit
28%
sehnen
27%
Springerstiefel
27%
stummer
27%
artikulieren
26%
Gewalt
25%
weißt
25%
wirklich
24%
einmal
23%
Attitüde
22%
Freundin
22%
gar
22%
keinen
22%
Darum
21%
heißt
21%
keiner
21%
Angst
20%
artizukulieren
20%
deinen
20%
erklären
19%
geht`s
19%
saudumm
19%
Höchstwahrscheinlich
18%
lieber
18%
musst
18%
Blut
17%
Terz
17%
andere
16%
Faschist
16%
Kerl
16%
kocht
16%
Kuschelrock
16%
Ständig
16%
vorm
16%
Zwischen
15%
damit
14%
Schiss
14%
Schmusen
14%
steht
14%
interessieren
13%
LP
13%
Onkelz
13%
Probleme
13%
Selbsthass
13%
Störkraft
13%
bloß
12%
Eicheln
12%
graue
12%
merkt
12%
schlägt
12%
Theorie
12%
Lorbeerkranz
11%
Romantik
11%
Streicheln
11%
Unterm
11%
projizieren
10%
Keine übereinstimmenden Quizze gefunden
Verteilung der Resultate
Anzahl Personen mit jedem Resultat
Perzentil nach korrekt beantworteten Fragen
Ihre Resultats-Entwicklung
Sie haben dieses Quiz noch nicht gespielt